00385nam a2200157Ia 4500003000400000008004100004040001600045082001300061100001700074245003500091260003000126300001000156490002400166650001500190650002200205GCL140319s9999 xx 000 0 eng d aGCL / cGCL04a843bB A1 aBOSCO, HENRI10aL'ANE CULOTTE / cBOSCO, HENRI a[S.N] : bFOLIO ، c1994 a214 P aCOLLECTION FOLIOv004aLITERATURE04aFRENCH LITERATURE